| 000 | 00583nam a2200193Ia 4500 | ||
|---|---|---|---|
| 005 | 20250508170347.0 | ||
| 008 | 008 250505s9999 xx 000 0 hin d | ||
| 037 | _aTextual | ||
| 040 |
_aFEDL _beng _cFEDL |
||
| 041 |
_ahin _2eng |
||
| 084 |
_a330.156, AAS _qFEDL |
||
| 100 |
_aAasodchaya Ireena _9783921 |
||
| 245 | 0 | _aKeyneswad : Siddhant awam arthik niti ka ek samalochnatmak addhyan | |
| 260 |
_aJaipur, India _bRajasthan Hindi Granth Akademi _c1987 |
||
| 300 | _a282p. | ||
| 650 | _aEconomics | ||
| 942 |
_cTEXL _h330.156, AAS |
||
| 999 |
_c1400658 _d1400658 |
||